Logo BPK

Biblioteka

Politechniki Koszalińskiej

Adobe Photoshop 3 : (Rekord nr 32143)

Szczegóły MARC
000 -ETYKIETA REKORDU
podpole kontrolne o stałej długości 00819nam a2200265 i 4500
001 - NUMER KONTROLNY REKORDU
pole kontrolne bg
020 ## - MIĘDZYNARODOWY ZNORMALIZOWANY NUMER KSIĄŻKI - ISBN
ISBN 8386389893
020 ## - MIĘDZYNARODOWY ZNORMALIZOWANY NUMER KSIĄŻKI - ISBN
ISBN 1562054481 (oryg.)
040 ## - ŹRÓDŁO KATALOGOWANIA
Instytucja, która utworzyła rekord BPK
041 1# - KOD JĘZYKA
Kod języka tekstu pl
Kod języka oryginału en
080 ## - UNIWERSALNA KLASYFIKACJA DZIESIĘTNA - UKD
UKD 681.322.06:741/744:655.1/.3](07)
920 ## - Międzynarodowy znormalizowany numer książki – ISBN
ISBN 83-86389-89-3
920 ## - Międzynarodowy znormalizowany numer książki – ISBN
ISBN 1-56205-448-1 (oryg.)
008 - POLE O STAŁEJ DŁUGOŚCI - DANE KONTROLNE
podpole kontrolne o stałej długości s pl f |000 0 pol
100 1# - NAZWA OSOBOWA
Nazwa osobowa BOUTON, Gary David
245 10 - TYTUŁ/ODPOWIEDZIALNOŚĆ
Tytuł Adobe Photoshop 3 :
Ciąg dalszy tytułu filtry i efekty /
Pozostałe elementy strefy tytułu i oznaczenia odpowiedzialności Gary David Bouton, Gary Kubicek ; tł. [z ang.] Władysław M. Szymczyk.
246 ## - WARIANT TYTUŁU
Treść wyrażenia wprowadzającego Tyt. oryg.:
Tytuł Adobe Photoshop 3
260 ## - STREFA ADRESU WYDAWNICZEGO
Miejsce wydania Warszawa :
Nazwa wydawcy/dystrybutora "Intersoftland",
Data publikacji, dystrybucji/powstania dokumentu 1996.
300 ## - STREFA OPISU FIZYCZNEGO
Objętość XI, 332 s. :
Inne cechy fizyczne rys. ;
Rozmiary 16 x 24 cm +
Dokument towarzyszący CD.
500 ## - UWAGI OGÓLNE
Tekst uwagi Oryg. : "Adobe Photoshop 3", 1995.
630 09 - HASŁO PRZEDMIOTOWE W FORMIE TYTUŁU UJEDNOLICONEGO
Tytuł ujednolicony Photoshop
655 ## - TERMIN INDEKSOWY - OKREŚLENIE RODZAJU/FORMY DOKUMENTU
Określenie rodzaju/formy dokumentu Podręczniki
700 1# - HASŁO DODATKOWE - NAZWA OSOBOWA
Nazwa osobowa KUBICEK, Gary
856 ## - LOKALIZACJA I DOSTĘP DO ELEKTRONICZNYCH DOKUMENTÓW ZDALNYCH
Link (URL) http://koha.tu.koszalin.pl/cgi-bin/koha/opac-detail.pl?biblionumber=32143
Tekst linku Katalog online BPK
942 ## - DODATKOWE ELEMENTY (KOHA)
Typ dokumentu Książka
Egzemplarze
Wycofany Status egzemplarza Uszkodzony Dostępność Lokalizacja stała Lokalizacja bieżąca Miejsce przechowywania Sygnatura Kod kreskowy Typ dokumentu
      Dostępny Biblioteka Politechniki Koszalińskiej Biblioteka Politechniki Koszalińskiej Wypożyczalnia BG 40353 01250732 Książka
© 2023 Biblioteka Politechniki Koszalińskiej :: KOHA